| 000 | 00380cam a2200169ua 4500 | ||
|---|---|---|---|
| 001 | 5282 | ||
| 008 | 191127n1992 II |||gr||||Z||||||asm | ||
| 040 | _aMAIN | ||
| 041 | _aEnglish | ||
| 041 | _aasm | ||
| 082 | _a370 DEB | ||
| 100 | _aDEBI, RENU. | ||
| 245 | _aSIKSHAR DARKHONIK ARU SAMAJTOTIK DHARA | ||
| 260 |
_bBHARTI BOOK STALL _c1992 |
||
| 300 |
_a278: _c22CM. |
||
| 942 | _cBK | ||
| 999 |
_c5267 _d5267 |
||